LEADER 01261nam1 2200397 450 001 990000432610203316 035 $a0043261 035 $aUSA010043261 035 $a(ALEPH)000043261USA01 035 $a0043261 100 $a20010508d24-c----km-y0itay0103----ba 101 $aita 102 $aIT 105 $a||||||||001yy 200 $aOpere di San Bonaventura$dSancti Bonaventurae opera$fa cura di Conferenza italiana ministri provinciali O.F. M.$ged. latino-italiana a cura di Jacques Guy Bougerol, Cornelio Del Zotto e Leonardo Sileo 205 $aRoma$cCittà nuova 210 $av.$d24 cm 410 $12001 461 1$1001-------$12001 676 $a230 700 1$aBONAVENTURA : da Bagnorea $0293401 702 1$aGUY BOUGEROL,$bJacques 702 1$aDEL ZOTTO,$bCornelio 702 1$aSILEO,$bLeonardo 801 0$aIT$bsalbc$gISBD 912 $a990000432610203316 951 $aXIV 548$bLM$cXIV 548 959 $aBK 969 $aUMA 979 $aPATTY$b90$c20010508$lUSA01$h1144 979 $aPATTY$b90$c20010508$lUSA01$h1147 979 $aPATTY$b90$c20010508$lUSA01$h1203 979 $c20020403$lUSA01$h1651 979 $aPATRY$b90$c20040406$lUSA01$h1630 996 $aOpere di San Bonaventura$9873706 997 $aUNISA LEADER 01382nas 2200457- 450 001 9910263852103321 005 20200701074556.8 011 $a2234-408X 035 $a(OCoLC)1047634559 035 $a(CKB)1000000000107930 035 $a(CONSER)--2020234044 035 $a(EXLCZ)991000000000107930 100 $a20160630a19809999 --r k 101 0 $akor 135 $aur|n||||||||| 181 $ctxt$2rdacontent 182 $cc$2rdamedia 183 $acr$2rdacarrier 200 00$aAdonghakoeji 210 1$aGwangju, Republic of Korea :$cKorean Association of Child Studies,$d[1980-] 215 $a1 online resource 300 $aRefereed/Peer-reviewed 311 08$a1226-1688 606 $aChild development$vPeriodicals 606 $aChild care services$vPeriodicals 606 $aChild welfare$vPeriodicals 606 $aChild welfare$2fast$3(OCoLC)fst00854709 606 $aChild development$2fast$3(OCoLC)fst00854393 606 $aChild care services$2fast$3(OCoLC)fst00854326 608 $aPeriodicals.$2fast 615 0$aChild development 615 0$aChild care services 615 0$aChild welfare 615 7$aChild welfare. 615 7$aChild development. 615 7$aChild care services. 712 02$aHan'guk Adong Hakhoe, 906 $aJOURNAL 912 $a9910263852103321 996 $aAdonghakoeji$92963685 997 $aUNINA